Bojem k vítězství, Op. 27 vítězný pochod : pro klavír na 2 ruce /
| Main Author: | Černý, Emil |
|---|---|
| Language: | No linguistic content |
| Published: |
Praha : M. Urbánek, [1905?] |
| Physical Description: |
5 s. |
| LEADER | 00673ncm a22002052a 4500 | ||
|---|---|---|---|
| 001 | 001221026 | ||
| 003 | CZ BrMZK | ||
| 005 | 20120607155205.0 | ||
| 007 | qu | ||
| 008 | 120607s1905 xr |||||||||||||||||zxx d | ||
| 040 | |a BOA001 |b cze | ||
| 072 | 7 | |a 786 |x Hudba pro klávesové nástroje |2 Konspekt |9 9 | |
| 100 | 1 | |a Černý, Emil |4 cmp | |
| 245 | 1 | 0 | |a Bojem k vítězství, Op. 27 |h [hudebnina] : |b vítězný pochod : pro klavír na 2 ruce / |c Emil Černý |
| 260 | |a Praha : |b M. Urbánek, |c [1905?] | ||
| 300 | |a 5 s. | ||
| 910 | |a BOA001 |b Mus4-0409.718 | ||
| 990 | |a MU | ||
| 991 | |b 201206 | ||
| 996 | 6 | |b 2619632007 |c Mus4-0409.718 |l MZK |r Sklad / do 1 hodiny |n 0 |w 001254986 |u 000010 |a 1 |e BOA001 |j MZK50 |s P | |
English
Čeština 